[Event "IEWCC"]
[Site "Istanbul TUR"]
[Date "2003.06.04"]
[Round "3"]
[White "Kosintseva,N"]
[Black "Stjazhkina,O"]
[Result "1/2-1/2"]
[WhiteElo "2417"]
[BlackElo "2313"]
[EventDate "2003.06.02"]

1. e4 d5 2. exd5 Nf6 3. Bb5+ Bd7 4. Be2 Bf5 5. Nf3 Nxd5 6. d4 e6 7. a3 Be7
8. c4 Nb6 9. Nc3 O-O 10. O-O Bf6 11. h3 Nc6 12. Be3 a5 13. b3 e5 14. d5 e4
15. Nd4 Nxd4 16. Bxd4 c6 17. Rc1 cxd5 18. c5 Nc8 19. Bxf6 Qxf6 20. Nxd5 Qg5
21. Rc3 Be6 22. Nc7 Qe5 23. Nxe6 Qxe6 24. Qd4 Ne7 25. Bc4 Nc6 26. Qd5 Qxd5
27. Bxd5 Rfe8 28. Re1 Re5 29. Bxc6 bxc6 30. Rd1 f5 31. Rd6 Rc8 32. Rd7 f4
33. Kf1 Rce8 34. Rd6 R8e6 35. Rxe6 Rxe6 36. Rc4 Re5 37. b4 axb4 38. axb4 g5
39. Rd4 Kf7 40. Ke2 Kf6 41. Rd8 Re6 42. Kd2 Ke5 43. Kc3 e3 44. fxe3 fxe3
45. Kd3 Kf4 46. Rf8+ Kg3 47. Rf3+ Kxg2 48. Rxe3 Rg6 49. Kc3 h5 50. b5 cxb5
51. Kb4 g4 52. hxg4 hxg4 1/2-1/2

[Event "IEWCC"]
[Site "Istanbul TUR"]
[Date "2003.06.04"]
[Round "3"]
[White "Vasilevich,T"]
[Black "Fakhiridou,E"]
[Result "1-0"]
[WhiteElo "2410"]
[BlackElo "2276"]
[EventDate "2003.06.02"]

1. d4 g6 2. c4 Bg7 3. Nc3 d6 4. e4 Nc6 5. Be3 e5 6. d5 Nce7 7. Bd3 f5 8. f3
Nf6 9. Nge2 O-O 10. h3 f4 11. Bf2 c5 12. dxc6 bxc6 13. Nc1 Be6 14. Nb3 Kh8
15. Qe2 Qc7 16. O-O g5 17. Rac1 Nh5 18. Rfd1 Rad8 19. c5 d5 20. exd5 Nxd5
21. Ne4 Qe7 22. Na5 Rc8 23. Nc4 Ng3 24. Nxg3 fxg3 25. Bxg3 Qxc5+ 26. Bf2
Qe7 27. Be4 Nf4 28. Qc2 Bd5 29. Kh2 Ne6 30. Bxd5 cxd5 31. Rxd5 Nd4 32. Bxd4
exd4 33. b3 Qc7+ 34. Kh1 Qg3 35. Qd2 Rf4 36. Ne5 Rxc1+ 37. Qxc1 Rf8 38. Qc7
Qe1+ 39. Kh2 Qe3 40. Nc4 Qc1 41. Rd8 Qe1 42. Rxf8+ Bxf8 43. Qd8 Qe7 44.
Qxd4+ Bg7 45. Qd5 Qc7+ 46. g3 h6 47. Qa8+ Kh7 48. Qe4+ Kg8 49. Qd5+ Kh8 50.
a4 Qb8 51. Nd2 Qb6 52. Kg2 a5 53. Qa8+ Kh7 54. Qd5 Kh8 55. Qd3 Qb4 56. Nc4
Qe1 57. Qd8+ Kh7 58. Qd3+ Kh8 59. Qd2 Qa1 60. h4 Bd4 61. Ne3 gxh4 62. gxh4
Bg7 63. Nf5 Qf6 64. Qxa5 Qb2+ 65. Kh3 Qxb3 66. Qa8+ Kh7 67. Qe4 Qb2 68.
Ne7+ Kh8 69. Qa8+ 1-0

[Event "IEWCC"]
[Site "Istanbul TUR"]
[Date "2003.06.04"]
[Round "3"]
[White "Sikorova,O"]
[Black "Dworakowska,J"]
[Result "1/2-1/2"]
[WhiteElo "2261"]
[BlackElo "2387"]
[EventDate "2003.06.02"]

1. f4 Nf6 2. b3 g6 3. Bb2 Bg7 4. e3 d6 5. Nf3 O-O 6. Be2 c5 7. O-O Nc6 8.
Qc1 Re8 9. Bb5 Qb6 10. a4 a6 11. Bxc6 Qxc6 12. a5 b5 13. axb6 Qxb6 14. d3
Bd7 15. Nc3 e5 16. fxe5 dxe5 17. e4 c4+ 18. Kh1 cxd3 19. cxd3 Qxb3 20. Ra3
Qb6 21. Nd1 Rac8 22. Qa1 Ng4 23. h3 Ne3 24. Nxe3 Qxe3 25. Bxe5 Bxe5 26.
Nxe5 Bxh3 27. Ra2 Be6 28. Raf2 Qg3 29. d4 Qh4+ 30. Kg1 Qxe4 31. Qxa6 Qxd4
32. Nxf7 Rf8 33. Ng5 Bc4 1/2-1/2

[Event "IEWCC"]
[Site "Istanbul TUR"]
[Date "2003.06.04"]
[Round "3"]
[White "Matnadze,A"]
[Black "Sharevich,A"]
[Result "1-0"]
[WhiteElo "2386"]
[BlackElo "2252"]
[EventDate "2003.06.02"]

1. d4 d5 2. g3 Nf6 3. Bg2 c6 4. Nf3 e6 5. O-O Nbd7 6. c4 Be7 7. Qb3 O-O 8.
Nc3 b6 9. Nd2 Bb7 10. e4 dxe4 11. Ndxe4 Nxe4 12. Nxe4 Nf6 13. Be3 Nxe4 14.
Bxe4 Bf6 15. Rad1 Qe7 16. Rfe1 Rfd8 17. c5 b5 18. a4 a6 19. f4 g6 20. g4
Bg7 21. Re2 Qd7 22. Rg2 a5 23. h4 bxa4 24. Qxa4 e5 25. fxe5 Bxe5 26. Bf3
Bg7 27. Bg5 f6 28. Bf4 Kh8 29. h5 gxh5 30. gxh5 h6 31. Qc2 f5 32. Rg6 Kh7
33. Qg2 Qf7 34. Kh1 Rac8 35. Rg1 Rd7 36. Be5 Rg8 37. Bxg7 Rxg7 38. Qd2 Qf8
39. Qxh6+ Kg8 40. Be2 Rxg6 41. Rxg6+ 1-0

[Event "IEWCC"]
[Site "Istanbul TUR"]
[Date "2003.06.04"]
[Round "3"]
[White "Shukurova,M"]
[Black "Slavina,I"]
[Result "1/2-1/2"]
[WhiteElo "2250"]
[BlackElo "2381"]
[EventDate "2003.06.02"]

1. e4 c5 2. c3 e6 3. d4 d5 4. exd5 exd5 5. Nf3 Nc6 6. Be2 Bd6 7. dxc5 Bxc5
8. O-O Nge7 9. Nbd2 O-O 10. Nb3 Bb6 11. Bg5 f6 12. Bf4 Ng6 13. Qd2 Nxf4 14.
Qxf4 Re8 15. Qd2 Be6 16. Rad1 a6 17. Nbd4 Bf7 18. Rfe1 Ne5 19. Nh4 Qd7 20.
Nhf5 Rad8 21. Qf4 Ng6 22. Qd2 Re5 23. Bg4 Qc7 24. g3 Rde8 25. f4 Rxe1+ 26.
Rxe1 Rxe1+ 27. Qxe1 Ne5 28. fxe5 fxe5 29. Kg2 exd4 30. Nxd4 h5 31. Bf5 g6
32. Bd3 Qd6 33. Qe3 Qf6 34. Qf4 Qxf4 35. gxf4 Kg7 36. Kf3 Kf6 37. h4 Be8
38. Kg3 Bd7 39. Be2 Bxd4 40. cxd4 Bf5 41. b4 Ke6 1/2-1/2

[Event "IEWCC"]
[Site "Istanbul TUR"]
[Date "2003.06.04"]
[Round "3"]
[White "Ciuksyte,D"]
[Black "Richards,H"]
[Result "1/2-1/2"]
[WhiteElo "2375"]
[BlackElo "2237"]
[EventDate "2003.06.02"]

1. e4 d6 2. d4 Nf6 3. Nc3 g6 4. Be3 c6 5. Bd3 Nbd7 6. Nf3 Qc7 7. h3 b5 8.
O-O Bg7 9. Qd2 O-O 10. Rfe1 e5 11. dxe5 dxe5 12. a4 b4 13. Ne2 c5 14. b3 a5
15. Ng3 Re8 16. Qe2 Nf8 17. Bc4 Be6 18. Rad1 Rad8 19. Bg5 Rxd1 20. Rxd1
N6d7 21. Nf1 Bxc4 22. Qxc4 Ne6 23. Be3 Nb6 24. Qb5 Ra8 25. N1d2 Nd4 26.
Bxd4 cxd4 27. Ne1 Bf8 28. Kf1 Nd7 29. Nc4 Nc5 30. f3 f6 31. Nd3 Nb7 32. Nb6
Rd8 33. Nd5 Qxc2 34. Rc1 Qxb3 35. Rc7 Rxd5 36. exd5 Nd6 37. Qd7 Qxd3+ 38.
Kg1 Qe3+ 39. Kh1 Qh6 40. Qe6+ Kh8 41. Qxf6+ Kg8 42. Qe6+ Kh8 43. Qxe5+ Kg8
44. Qxd4 Qg5 45. g4 Qh4 46. Kg2 Qe1 47. Qb2 Ne4 48. fxe4 Qxe4+ 49. Kg1 Qe1+
50. Kg2 Qe4+ 51. Kg1 1/2-1/2

[Event "IEWCC"]
[Site "Istanbul TUR"]
[Date "2003.06.04"]
[Round "3"]
[White "Genova,R"]
[Black "Klinova,M"]
[Result "0-1"]
[WhiteElo "2239"]
[BlackElo "2368"]
[EventDate "2003.06.02"]

1. d4 d6 2. Nf3 g6 3. c4 Bg7 4. e4 Nc6 5. d5 Nb8 6. Nc3 Nf6 7. Be2 O-O 8.
O-O a5 9. h3 e5 10. Ne1 Na6 11. Nd3 Nd7 12. f4 exf4 13. Bxf4 Nac5 14. Nf2
Qe7 15. Qd2 Ne5 16. Bg5 f6 17. Bh6 Bd7 18. Bxg7 Kxg7 19. b3 b6 20. Rae1
Rae8 21. Bd1 Rf7 22. Bc2 Qf8 23. Ne2 Rfe7 24. Nd4 Nf7 25. Nf3 h5 26. a3 Ne5
27. Nd4 Qh8 28. Qc3 Qh6 29. b4 Nb7 30. Nd3 Nxd3 31. Bxd3 Qg5 32. Rf3 Qe5
33. Ref1 Rf7 34. Bc2 Ra8 35. Qd3 axb4 36. axb4 Nd8 37. Qc3 c5 38. dxc6 Nxc6
39. Nxc6 Bxc6 40. Qe3 0-1

[Event "IEWCC"]
[Site "Istanbul TUR"]
[Date "2003.06.04"]
[Round "3"]
[White "Makka,I"]
[Black "Zimina,O"]
[Result "0-1"]
[WhiteElo "2234"]
[BlackElo "2358"]
[EventDate "2003.06.02"]

1. e4 c6 2. d4 d5 3. Nd2 dxe4 4. Nxe4 Bf5 5. Ng3 Bg6 6. Bc4 e6 7. N1e2 Bd6
8. h4 h6 9. Nf4 Bxf4 10. Bxf4 Nf6 11. Qd2 Nbd7 12. O-O-O O-O 13. Ne2 b5 14.
Bd3 Bxd3 15. Qxd3 Nb6 16. Be5 Nbd5 17. Kb1 a5 18. Qf3 a4 19. g4 Nh7 20. g5
f6 21. g6 fxe5 22. gxh7+ Kh8 23. Qg3 a3 24. Rhg1 Ra7 25. dxe5 axb2 26. Nf4
Rxf4 27. Rd3 Rfa4 28. a3 b4 29. Kxb2 Rxa3 30. Rxa3 bxa3+ 31. Ka1 Qb6 0-1

[Event "IEWCC"]
[Site "Istanbul TUR"]
[Date "2003.06.04"]
[Round "3"]
[White "Motoc,A"]
[Black "Hagesaether,E"]
[Result "1-0"]
[WhiteElo "2358"]
[BlackElo "2166"]
[EventDate "2003.06.02"]

1. d4 Nf6 2. c4 g6 3. Nc3 d6 4. e4 Bg7 5. h3 O-O 6. Bg5 Na6 7. Bd3 Qe8 8.
g4 e5 9. d5 Nc5 10. Bc2 a5 11. a3 a4 12. Nge2 b6 13. Nb5 Ra5 14. Bd2 Rxb5
15. cxb5 Ncxe4 16. Bxe4 Nxe4 17. Qxa4 f5 18. Be3 Bd7 19. Qc2 Bxb5 20. gxf5
gxf5 21. O-O-O Nc5 22. Bxc5 bxc5 23. Nc3 Bd7 24. Rdg1 Kh8 25. Qd2 Qh5 26.
Kb1 Rb8 27. Rh2 e4 28. Rhg2 Be5 29. Ka1 Rf8 30. Qe3 f4 31. Qxe4 Bf5 32. Qe1
Qxh3 33. Rg5 Ra8 34. Ka2 Qd3 35. Qe2 Qxe2 36. Nxe2 Bg6 37. f3 Bf7 38. b3
Bxd5 39. Nxf4 Bxf4 40. Rxd5 Re8 41. Rf5 Be3 42. Rg2 Bd4 43. Rf7 h6 44. Rxc7
Re1 45. b4 Ra1+ 46. Kb3 Rf1 47. b5 d5 48. Ka4 c4 49. Rd2 Be5 50. Rc8+ Kg7
51. Rxd5 Bb2 52. Rxc4 Rxf3 53. b6 Rxa3+ 54. Kb5 1-0

[Event "IEWCC"]
[Site "Istanbul TUR"]
[Date "2003.06.04"]
[Round "3"]
[White "Mamedjarova,T"]
[Black "Pogonina,N"]
[Result "1-0"]
[WhiteElo "2222"]
[BlackElo "2347"]
[EventDate "2003.06.02"]

1. d4 Nf6 2. c4 c5 3. d5 b5 4. Qc2 bxc4 5. e4 g6 6. Bxc4 d6 7. Nf3 Bg7 8.
h3 O-O 9. O-O Ba6 10. Nbd2 Bxc4 11. Nxc4 Nbd7 12. Rd1 Nb6 13. Be3 Nxc4 14.
Qxc4 Rb8 15. Qc2 Nd7 16. Rab1 Qa5 17. a3 Rfc8 18. Bg5 Kf8 19. Qc1 Qa4 20.
Re1 c4 21. Bh6 Bxh6 22. Qxh6+ Kg8 23. Nd4 Ne5 24. f4 Nd3 25. Re3 Qe8 26. b3
Nc5 27. b4 Na4 28. f5 c3 29. e5 Qf8 30. Qh4 Rc4 31. Re4 dxe5 32. Nc6 Rxe4
33. Qxe4 Rb7 34. fxg6 fxg6 35. Rf1 Qg7 36. Qg4 Rc7 37. Qe6+ Kh8 38. Nxe5 c2
39. Nf7+ Kg8 40. Nd6+ Kh8 41. Ne8 c1=Q 42. Nxg7 Qc3 43. Ne8 Qd4+ 44. Kh2
1-0

[Event "IEWCC"]
[Site "Istanbul TUR"]
[Date "2003.06.04"]
[Round "3"]
[White "Johansson,V"]
[Black "Zaiatz,E"]
[Result "0-1"]
[WhiteElo "2175"]
[BlackElo "2339"]
[EventDate "2003.06.02"]

1. d4 Nf6 2. c4 e6 3. Nc3 Bb4 4. e3 b6 5. Bd3 Bb7 6. Nf3 Ne4 7. O-O Bxc3 8.
bxc3 f5 9. Ne1 O-O 10. f3 Nf6 11. Qe2 d6 12. Nc2 Nbd7 13. Ba3 c5 14. Rad1
Qc7 15. e4 fxe4 16. fxe4 Rae8 17. Bc1 cxd4 18. cxd4 e5 19. d5 Nc5 20. Bg5
Nfd7 21. Ne3 Nxd3 22. Qxd3 Nc5 23. Qc2 h6 24. Bh4 Rf4 25. Nf5 Bc8 26. Rxf4
exf4 27. Re1 Bxf5 28. exf5 Rxe1+ 29. Bxe1 Qe7 30. Bf2 Qe5 31. g4 fxg3 32.
Bxg3 Qe4 33. Qf2 Nd3 34. Qc2 Nc5 35. Qf2 Qxc4 36. f6 Qxd5 37. fxg7 Kxg7 38.
Qb2+ Kg6 39. Qh8 Qe6 40. Bf4 Kh5 41. Qa1 Ne4 42. Kf1 Qf5 43. Qd1+ Kg6 44.
Qc1 Nc5 45. Qe3 Ne6 46. Qg3+ Kf7 0-1

[Event "IEWCC"]
[Site "Istanbul TUR"]
[Date "2003.06.04"]
[Round "3"]
[White "Ozturk,K"]
[Black "Calotescu,C"]
[Result "0-1"]
[WhiteElo "1948"]
[BlackElo "2334"]
[EventDate "2003.06.02"]

1. c4 g6 2. d4 Nf6 3. Nc3 c5 4. e3 Bg7 5. Nf3 O-O 6. Be2 cxd4 7. Nxd4 Nc6
8. O-O d6 9. Qd2 Nxd4 10. exd4 d5 11. c5 b6 12. b4 bxc5 13. bxc5 Bf5 14. f3
Rb8 15. Bd3 Bxd3 16. Qxd3 Rb4 17. Kh1 Nh5 18. Ne2 Re8 19. Bd2 Ra4 20. Qb5
Rc4 21. Ba5 Qc8 22. Rac1 a6 23. Qb2 Qxc5 24. Rxc4 Qxc4 25. Rc1 Qa4 26. Bc3
Bh6 27. Rb1 Qc4 28. Ng3 Nxg3+ 29. hxg3 Rc8 30. Ba5 Bg7 31. Rd1 Qa4 32. Qd2
Rc2 33. Qb4 Rxa2 34. Qxa4 Rxa4 35. Bb6 Kf8 36. Bc5 Ke8 37. Kg1 Kd7 38. Kf2
Rc4 39. Ke3 e5 40. Bb6 exd4+ 41. Ke2 Kc6 42. Bd8 Rc2+ 43. Kf1 Kc5 44. Ra1
d3 45. Ra5+ Kc4 46. Bg5 Bd4 47. Rxa6 Rf2+ 48. Ke1 Re2+ 49. Kd1 Bc5 50. Ra4+
Kb5 51. Ra8 Rxg2 52. Rb8+ Kc4 53. Rc8 Rg1+ 54. Kd2 Rg2+ 55. Kd1 Kb4 56.
Bd2+ Kb5 57. Rb8+ Kc4 58. Rc8 Rg1+ 59. Be1 Kd4 60. Rb8 Bd6 61. Kd2 Rg2+ 0-1

[Event "IEWCC"]
[Site "Istanbul TUR"]
[Date "2003.06.04"]
[Round "3"]
[White "Muhren,B"]
[Black "Chasovnikova,E"]
[Result "1-0"]
[WhiteElo "2092"]
[BlackElo "2319"]
[EventDate "2003.06.02"]

1. e4 c6 2. d4 d5 3. exd5 cxd5 4. c4 Nf6 5. Nc3 g6 6. Qb3 Bg7 7. cxd5 O-O
8. Be2 Na6 9. Bf3 Qb6 10. Qxb6 axb6 11. Nge2 Nb4 12. O-O Rd8 13. d6 exd6
14. a3 Nd3 15. Bg5 Re8 16. b3 Ng4 17. Nd5 Ra5 18. Ne7+ Kf8 19. Nxc8 Rxg5
20. h4 Ra5 21. Bxg4 f5 22. Nxd6 Re6 23. Nxb7 fxg4 24. Nxa5 Rxe2 25. Nc6 Rc2
26. Nb4 Nxb4 27. axb4 Bxd4 28. Rac1 Rb2 29. Rc4 Rd2 30. g3 Kf7 31. Rc7+ Kf6
32. Rxh7 Rd3 33. Kg2 Rxb3 34. Rd7 Rxb4 35. Re1 Bc5 36. Re2 Rc4 37. Rc7 Ra4
38. Rc6+ Kf7 39. Rc2 Re4 40. Ra2 Re6 41. Rxe6 Kxe6 42. Ra4 Kf5 43. Rf4+ 1-0

[Event "IEWCC"]
[Site "Istanbul TUR"]
[Date "2003.06.04"]
[Round "3"]
[White "Lauterbach,I"]
[Black "Zielinska,Mar"]
[Result "0-1"]
[WhiteElo "2144"]
[BlackElo "2430"]
[EventDate "2003.06.02"]

1. Nf3 c5 2. g3 g6 3. Bg2 Bg7 4. O-O Nc6 5. d3 e6 6. e4 Nge7 7. c3 O-O 8.
Nbd2 d5 9. exd5 Nxd5 10. Nb3 b6 11. d4 Ba6 12. Re1 c4 13. Nbd2 Qc7 14. Bf1
Rad8 15. Qc2 Rfe8 16. Qa4 Qb7 17. Ne4 f5 18. Neg5 b5 19. Qc2 Qc8 20. Nh3 b4
21. Nf4 bxc3 22. bxc3 Nxc3 23. Qxc3 Nxd4 24. Ne5 Qc7 25. Nfxg6 hxg6 26. f4
Bb7 27. Bg2 Bxg2 28. Kxg2 g5 29. h3 Qb7+ 30. Kf2 Nb5 31. Qb4 g4 32. hxg4
fxg4 33. Bb2 Bxe5 34. Rxe5 Qf3+ 35. Ke1 Qxg3+ 36. Ke2 c3 37. Rg5+ Kf7 38.
Bxc3 Nxc3+ 39. Kf1 Qf3+ 40. Kg1 Ne2+ 0-1

[Event "IEWCC"]
[Site "Istanbul TUR"]
[Date "2003.06.04"]
[Round "3"]
[White "Koskela,N"]
[Black "Milliet,S"]
[Result "1-0"]
[WhiteElo "2312"]
[BlackElo "2240"]
[EventDate "2003.06.02"]

1. e4 c5 2. Nf3 e6 3. d3 Nc6 4. g3 d5 5. Nbd2 Bd6 6. Bg2 Nge7 7. O-O O-O 8.
Nh4 Bd7 9. f4 f6 10. Re1 Qc7 11. c3 Rad8 12. Qe2 d4 13. c4 e5 14. f5 b5 15.
b3 Nb4 16. Nf1 bxc4 17. bxc4 Ba4 18. Rb1 Rb8 19. Rb2 Rb7 20. g4 h6 21. Nf3
Rfb8 22. h4 Nc8 23. Rd2 Be7 24. Qf2 Bd8 25. a3 Nc6 26. Qg3 Qe7 27. Rf2 Rb3
28. N3d2 Rc3 29. Nh2 Na5 30. Bf1 Nd6 31. Qg2 Bc2 32. Rf3 Nc6 33. Rg3 Nf7
34. Be2 Ba5 35. Rf1 Ba4 36. Nhf3 Bc2 37. g5 fxg5 38. hxg5 h5 39. Nh4 Rxa3
40. f6 Qd6 41. Nf5 Qd7 42. g6 Nd6 43. f7+ Kf8 44. Bxa3 Bxd2 45. Bxh5 Nxf5
46. Bxc5+ Nfe7 47. Qxd2 Ba4 48. Bg4 Qc7 49. Rh3 1-0

[Event "IEWCC"]
[Site "Istanbul TUR"]
[Date "2003.06.04"]
[Round "3"]
[White "Velikhanli,F"]
[Black "Makropoulou,M"]
[Result "1/2-1/2"]
[WhiteElo "2305"]
[BlackElo "2234"]
[EventDate "2003.06.02"]

1. e4 e5 2. Nf3 Nc6 3. Bb5 a6 4. Ba4 Nf6 5. d3 d6 6. c3 g6 7. Nbd2 Bg7 8.
Nf1 O-O 9. Ng3 b5 10. Bb3 Na5 11. Bc2 c5 12. O-O Bb7 13. Re1 Qc7 14. Bg5 h6
15. Bd2 d5 16. Qc1 dxe4 17. dxe4 Kh7 18. b3 Nc6 19. Be3 Nd8 20. h3 Ne6 21.
a4 b4 22. cxb4 cxb4 23. Bd3 Qa5 24. Nd2 Qd8 25. Qb1 Nd4 26. Nc4 Nd7 27. Ne2
Nc5 28. Nxd4 exd4 29. Bf4 Re8 30. Nd6 Re7 31. Nxb7 Rxb7 32. Qd1 Rd7 33. Rc1
Ne6 34. Bd2 Qb6 35. Rc4 a5 36. Qc2 Rc7 37. Rxc7 Qxc7 38. Qxc7 Nxc7 39. Bc4
Kg8 40. Bf4 Ne6 41. Bd6 Bf8 42. Bxf8 Kxf8 43. Bxe6 fxe6 44. Rc1 Ke7 45. e5
Rd8 46. Kf1 Rd5 47. f4 g5 48. g3 d3 49. fxg5 hxg5 50. Rd1 Kf7 51. Kf2 Kg6
52. g4 Rxe5 53. Rxd3 Rc5 54. Ke3 Kf6 55. Ke2 Ke5 56. Re3+ Kf4 57. Rf3+ Ke4
58. Re3+ Kf4 59. Rf3+ 1/2-1/2

[Event "IEWCC"]
[Site "Istanbul TUR"]
[Date "2003.06.04"]
[Round "3"]
[White "Yildiz,B"]
[Black "Medic,Mir"]
[Result "1/2-1/2"]
[WhiteElo "2119"]
[BlackElo "2290"]
[EventDate "2003.06.02"]

1. d4 d5 2. Nf3 c6 3. Nbd2 Nf6 4. e3 Bf5 5. c4 e6 6. Be2 Be7 7. O-O Nbd7 8.
b3 O-O 9. Bb2 Rc8 10. Nh4 Ne4 11. Nxf5 exf5 12. f3 Nxd2 13. Qxd2 Bd6 14.
Bd3 g6 15. Qf2 Qg5 16. e4 fxe4 17. fxe4 dxe4 18. Bxe4 f5 19. Bf3 Qh6 20. g3
Rce8 21. Rae1 f4 22. g4 Qh3 23. Qg2 Qh4 24. Re2 Re3 25. Bc1 Re7 26. Rxe7
Qxe7 27. Qf2 Re8 28. Bd2 Qf6 29. c5 Bc7 30. b4 a6 31. d5 Be5 32. Qg2 Bd4+
33. Kh1 Ne5 34. d6 Nxf3 35. Qxf3 g5 36. Kg2 Qf7 37. a3 Qc4 38. Re1 Rxe1 39.
Bxe1 Qc2+ 40. Bf2 Kf7 1/2-1/2

[Event "IEWCC"]
[Site "Istanbul TUR"]
[Date "2003.06.04"]
[Round "3"]
[White "Nill,J"]
[Black "Stiri,A"]
[Result "0-1"]
[WhiteElo "2271"]
[BlackElo "2178"]
[EventDate "2003.06.02"]

1. d4 Nf6 2. c4 c5 3. d5 e6 4. Nc3 exd5 5. cxd5 d6 6. e4 g6 7. f4 Bg7 8.
Bb5+ Nfd7 9. Bd3 O-O 10. Nf3 Na6 11. O-O Nc7 12. Re1 Re8 13. Bc4 Nb6 14.
Bf1 Bg4 15. Be3 f5 16. e5 dxe5 17. fxe5 Rxe5 18. Bg5 Qxg5 19. Nxg5 Bxd1 20.
Rexd1 Rd8 21. d6 Ne8 22. Na4 h6 23. Nxb6 hxg5 24. Nc4 Re4 25. d7 Nc7 26.
Rd6 Bd4+ 27. Kh1 Kg7 28. Na5 Re7 29. Nxb7 Rdxd7 30. Rxd7 Rxd7 31. Rd1 Nd5
32. Ba6 Re7 33. a3 Ne3 34. Rb1 Re6 35. Bd3 Ng4 36. Bc4 Nf2+ 37. Kg1 Nd1+
38. Kf1 Ne3+ 0-1

[Event "IEWCC"]
[Site "Istanbul TUR"]
[Date "2003.06.04"]
[Round "3"]
[White "Nagel,Y"]
[Black "Krivec,J"]
[Result "0-1"]
[WhiteElo "2068"]
[BlackElo "2256"]
[EventDate "2003.06.02"]

1. e4 e5 2. Nf3 Nc6 3. d4 exd4 4. Bc4 Nf6 5. e5 Ne4 6. Bd5 Nc5 7. Bxc6 bxc6
8. Qxd4 Ne6 9. Qa4 a5 10. O-O Be7 11. Nc3 Ba6 12. Re1 Bb4 13. Be3 O-O 14.
a3 Nc5 15. Bxc5 Bxc5 16. Rad1 Bb6 17. Qg4 d5 18. Ne4 Bc8 19. Qh5 Qe7 20.
Ng3 f6 21. Rd2 fxe5 22. Rxe5 Qf6 23. Rde2 Qf4 24. Re8 Bg4 25. Qe5 Qc1+ 26.
Re1 Qxc2 27. Re7 Qg6 28. Nd4 Qf6 29. Ngf5 Bxd4 30. Qxc7 Qxf5 0-1

[Event "IEWCC"]
[Site "Istanbul TUR"]
[Date "2003.06.04"]
[Round "3"]
[White "Seps,M"]
[Black "Calzetta,M"]
[Result "0-1"]
[WhiteElo "2095"]
[BlackElo "2253"]
[EventDate "2003.06.02"]

1. e4 c5 2. Nf3 d6 3. d4 cxd4 4. Nxd4 Nf6 5. Nc3 g6 6. f3 Bg7 7. Be3 O-O 8.
Qd2 Nc6 9. O-O-O d5 10. Nxc6 bxc6 11. exd5 Nxd5 12. Nxd5 cxd5 13. Qxd5 Qc7
14. Qc5 Qb8 15. Qa3 a5 16. Bd3 Be6 17. h4 Rc8 18. h5 Qb4 19. hxg6 hxg6 20.
Qxb4 axb4 21. Rh4 Rcb8 22. Bf4 Rc8 23. Be3 Ra4 24. Bd4 b3 0-1

[Event "IEWCC"]
[Site "Istanbul TUR"]
[Date "2003.06.04"]
[Round "3"]
[White "Mamedjarova,Z"]
[Black "Mira,H"]
[Result "1-0"]
[WhiteElo "2298"]
[BlackElo "2126"]
[EventDate "2003.06.02"]

1. d4 d6 2. c4 e5 3. Nf3 e4 4. Nfd2 f5 5. e3 c6 6. Nc3 Nf6 7. d5 a5 8. b3
Na6 9. Bb2 Be7 10. Be2 O-O 11. O-O Bd7 12. Kh1 Nc5 13. a3 Qb6 14. Rb1 cxd5
15. cxd5 Qd8 16. f3 Qe8 17. a4 b6 18. Bc4 Qg6 19. Qe2 Qh6 20. Kg1 Rae8 21.
f4 Rc8 22. Rbc1 Be8 23. Ndb1 Bh5 24. Qd2 Be8 25. Na3 Bd7 26. Nab5 Kh8 27.
Nd4 Ng4 28. h3 Nf6 29. Ncb5 Nh5 30. Na7 Rce8 31. Nac6 Bh4 32. Ra1 Rf6 33.
b4 axb4 34. a5 bxa5 35. Rxa5 Rg6 36. Ra7 Bg3 37. Rxd7 Nxf4 38. exf4 e3 39.
Qe2 Ne4 40. Nxf5 Qxh3 1-0

[Event "IEWCC"]
[Site "Istanbul TUR"]
[Date "2003.06.04"]
[Round "3"]
[White "Sasu Ducsoara,An"]
[Black "Llaneza Vega,P"]
[Result "1/2-1/2"]
[WhiteElo "2193"]
[BlackElo "2294"]
[EventDate "2003.06.02"]

1. e4 c5 2. Nf3 Nc6 3. d4 cxd4 4. Nxd4 Nf6 5. Nc3 e5 6. Ndb5 d6 7. Bg5 a6
8. Na3 b5 9. Bxf6 gxf6 10. Nd5 Bg7 11. Bd3 Ne7 12. Nxe7 Qxe7 13. O-O O-O
14. c4 f5 15. Qf3 Re8 16. Rfe1 b4 17. Nc2 f4 18. Be2 Rb8 19. b3 d5 20. cxd5
Rb6 21. Rad1 Rg6 22. d6 Rxd6 23. Rxd6 Qxd6 24. Rd1 Qb6 25. Bc4 a5 26. Ne1
Qc7 27. h3 Rd8 28. Rxd8+ Qxd8 29. Qd3 Bf6 30. Bd5 Qc7 31. Kf1 Be7 32. Nf3
Kg7 33. Qc4 Qxc4+ 34. Bxc4 f6 35. Ke2 Bc5 36. Nd2 Kf8 37. f3 Ke7 38. Kd3 h6
39. Bb5 Be6 40. Bc4 Bc8 41. Bb5 Be6 1/2-1/2

[Event "IEWCC"]
[Site "Istanbul TUR"]
[Date "2003.06.04"]
[Round "3"]
[White "Mar,K"]
[Black "Jiretorn,E"]
[Result "1-0"]
[WhiteElo "2236"]
[BlackElo "2106"]
[EventDate "2003.06.02"]

1. e4 c5 2. Nf3 d6 3. Bb5+ Nd7 4. c3 Ngf6 5. Qe2 a6 6. Ba4 g6 7. O-O Bg7 8.
d4 O-O 9. Rd1 b6 10. e5 Ne8 11. e6 fxe6 12. Qxe6+ Kh8 13. Qe4 Ra7 14. Qh4
Ndf6 15. dxc5 bxc5 16. Ne5 Bf5 17. Nc6 Qb6 18. Nxa7 Qxa7 19. Nd2 Ng4 20.
Nf3 Ne5 21. Nxe5 Bxe5 22. Bxe8 Rxe8 23. Bf4 Bf6 24. Bg5 Be5 25. Re1 Qb7 26.
Re2 Bd3 27. Rd2 c4 28. Re1 Rf8 29. Qg4 Qc7 30. Qe6 Rb8 31. Qf7 Qc8 32. Bxe7
Qf5 33. Qxf5 gxf5 34. g3 Kg7 35. f4 Bf6 36. Bxd6 Rb6 37. Be5 Kf7 38. Bxf6
Kxf6 39. Re8 a5 40. Ra8 Rb5 41. Ra6+ Kg7 42. b3 Be4 43. Rd7+ Kg8 44. Raa7
cxb3 45. Rd8+ 1-0

[Event "IEWCC"]
[Site "Istanbul TUR"]
[Date "2003.06.04"]
[Round "3"]
[White "Kopinits,A"]
[Black "Papadopoulou,V"]
[Result "1/2-1/2"]
[WhiteElo "2127"]
[BlackElo "2230"]
[EventDate "2003.06.02"]

1. e4 c5 2. Nf3 d6 3. d4 cxd4 4. Nxd4 Nf6 5. Nc3 a6 6. f4 e6 7. Be2 Be7 8.
O-O Nc6 9. Be3 Qc7 10. Bf3 Bd7 11. Kh1 h5 12. Bg1 Rc8 13. a4 Na5 14. Nde2
Nc4 15. b3 Na5 16. Qd2 h4 17. Rad1 b5 18. e5 dxe5 19. fxe5 Nh5 20. Bb6 Bg5
21. Qd4 Nc6 22. Qf2 Ng3+ 23. Kg1 Nxf1 24. Rxf1 Qb7 25. Bh5 O-O 26. Bxf7+
Kh8 27. Ne4 Rxf7 28. Qxf7 Qxb6+ 29. Kh1 Nxe5 30. Qh5+ Bh6 31. Qxe5 h3 32.
g4 Qe3 33. N2g3 Bc6 34. Qxe6 Bxe4+ 35. Qxe4 Qd2 36. Qb7 Re8 37. Qc6 Rd8 38.
c4 bxc4 39. bxc4 Bf4 40. Qf3 Bxg3 41. Qxg3 Rd3 42. Rf8+ Kh7 43. Qh4+ Qh6
44. Qxh6+ Kxh6 45. Kg1 Ra3 46. Rf2 Ra1+ 47. Rf1 Rxa4 48. Rc1 a5 49. c5
Rxg4+ 50. Kf1 Rf4+ 51. Ke2 Rf8 52. Ke3 a4 53. Ra1 Ra8 54. Ra3 Kg5 55. Ke4
Kf6 56. Kd5 Ke7 57. Kc6 Rd8 58. Rxa4 Rd2 59. Kc7 Rxh2 60. Re4+ Kf6 61. c6
Kf5 62. Rc4 Rb2 63. Kd6 Rb6 64. Rh4 g5 65. Rxh3 g4 66. Rh8 g3 67. Kc5 Rxc6+
68. Kxc6 Kf4 69. Rg8 Kf3 70. Kd5 g2 71. Kd4 Kf2 72. Rf8+ Ke1 73. Re8+ Kf1
1/2-1/2

[Event "IEWCC"]
[Site "Istanbul TUR"]
[Date "2003.06.04"]
[Round "3"]
[White "Blazkova,P"]
[Black "Topel,Z"]
[Result "1-0"]
[WhiteElo "2218"]
[BlackElo "2092"]
[EventDate "2003.06.02"]

1. e4 c6 2. d4 d5 3. exd5 cxd5 4. c4 Nf6 5. Nc3 e6 6. Nf3 Be7 7. cxd5 Nxd5
8. Bd3 O-O 9. O-O Nc6 10. Re1 Bf6 11. a3 b6 12. Nxd5 Qxd5 13. Be4 Qd7 14.
Bg5 Bxg5 15. Nxg5 h6 16. Nh7 Rd8 17. Qg4 Kh8 18. Nf6 gxf6 19. Qf3 Bb7 20.
Qxf6+ Kg8 21. Qxh6 Nxd4 22. Bh7+ Kh8 23. Re3 Nf3+ 24. gxf3 f6 25. Bf5+ Kg8
1-0

[Event "IEWCC"]
[Site "Istanbul TUR"]
[Date "2003.06.04"]
[Round "3"]
[White "Flear,C"]
[Black "Cavusoglu,Y"]
[Result "1-0"]
[WhiteElo "2213"]
[BlackElo "2045"]
[EventDate "2003.06.02"]

1. d4 d5 2. c4 e6 3. Nc3 Nf6 4. cxd5 exd5 5. Bg5 Be7 6. e3 c6 7. Qc2 O-O 8.
Bd3 Nbd7 9. Nf3 Re8 10. O-O Nf8 11. Rae1 Ng6 12. Ne5 Bd7 13. f4 a5 14. Na4
Nf8 15. Bxf6 Bxf6 16. Nxd7 Nxd7 17. Bxh7+ Kf8 18. Bf5 Nb6 19. Qc5+ 1-0

[Event "IEWCC"]
[Site "Istanbul TUR"]
[Date "2003.06.05"]
[Round "4"]
[White "Skripchenko,A"]
[Black "Peng Zhaoqin"]
[Result "1-0"]
[WhiteElo "2501"]
[BlackElo "2433"]
[EventDate "2003.06.02"]

1. e4 c5 2. Nf3 e6 3. b3 b6 4. Bb2 Bb7 5. Nc3 Nc6 6. g3 Nf6 7. Bg2 d5 8.
exd5 exd5 9. d4 Be7 10. O-O O-O 11. Re1 Re8 12. Qd2 Qc7 13. Nb5 Qd7 14. Ne5
Nxe5 15. dxe5 Ng4 16. Qf4 Qxb5 17. Qxg4 Rad8 18. e6 f6 19. Qh5 g6 20. Qh4
Kg7 21. g4 h6 22. Re3 Rh8 23. Rh3 Qc6 24. Re1 Qc7 25. f4 Qxf4 26. Rf3 Qg5
27. Qf2 d4 28. h4 Bxf3 29. hxg5 Bxg4 30. gxf6+ Bxf6 31. Qf4 h5 32. Qc7+ Kh6
33. Bc1+ g5 34. Rf1 1-0